حيدر علييف والسياسة القومية في أذربيجان / (Record no. 21080)
[ view plain ]
| 000 -الفاتح | |
|---|---|
| حقل البيانات ثابتة الطول | 00991nam a22002535a 4500 |
| 003 - محدد رقم الضبط | |
| رقم الضبط | OSt |
| 005 - وقت وتاريخ اخر تعامل مع التسجيلة | |
| رقم الضبط | 20151125100746.0 |
| 008 - عناصر البيانات ثابتة الطول - معلومات عامة | |
| حقل البيانات ثابتة الطول | 151125s2010 su o gr 000 0 ara d |
| 020 ## - الرقم الدولى المعيارى للكتب | |
| الرقم الدولى المعيارى للكتاب | 9786030002825 |
| 040 ## - مصدر الفهرسة | |
| وكالة الفهرسة الأصلية | EG-ScBUE |
| لغة الفهرسة | ara |
| وكالة النسخ | EG-ScBUE |
| 043 ## - رمز المنطقة الجغرافية | |
| رمز المنطقة الجغرافية | a-aj--- |
| 082 04 - رقم تصنيف ديوى العشرى | |
| رقم التصنيف | 320.94754 |
| رقم المادة | أ و ر |
| رقم الطبعة | 22 |
| 100 1# - المدخل الرئيسى - إسم شخصى | |
| الإسم الشخصى | أوروجوف، هدايات، |
| التواريخ المصاحبة للاسم | 1944- |
| 9 (RLIN) | 38796 |
| 245 10 - بيان العنوان | |
| العنوان | حيدر علييف والسياسة القومية في أذربيجان / |
| بيان المسئوليه,etc | تأليف هدايات أوروجوف ؛ تقديم ماجد بن عبد العزيز التركي. |
| 250 ## - بيان الطبعة | |
| بيان الطبعة | ط. 2. |
| 260 ## - PUBLICATION, DISTRIBUTION, ETC. (IMPRINT) | |
| مكان الناشر او الموزع | الرياض : |
| اسم الناشر او الموزع | هدايات أوروجوف، |
| تاريخ النشر أو التوزيع | 2010. |
| 300 ## - الوصف المادى | |
| التعداد | 290 ص. : |
| تفاصيل ماديه اخرى للوعاء | صور ؛ |
| أبعاد الوعاء | 24 سم. |
| 541 ## - تبصرة المصدر المباشر للتزويد | |
| مصدر التزويد | Donation from Shahla - Azarbaijan. |
| 650 ## - المدخل الاضافى بالموضوع-مصطلح موضوعى | |
| مصدر الرأس أو المصطلح | BUEsh |
| 651 ## - المدخل الاضافى بالموضوع - اسم جغرافى | |
| الاسم الجغرافي | أذربيجان |
| التقسيم الفرعي العام | أحوال سياسية |
| التقسيم الفرعي الزمني | حيدر عيليف (1993-2003 م.) |
| مصدر الرأس أو المصطلح | BUEsh |
| 653 ## - مصطلح تكشيفى غير مقيد | |
| Resource For college | Generalities |
| Arrived date list | November2015 |
| 700 1# - المدخل الاضافى - اسم شخصى | |
| الإسم الشخصى | التركي، ماجد بن عبد العزيز، |
| الدور | مقدم. |
| 942 ## - عناصر المدخل الإضافي( كوها) | |
| مصدر التصنيف او مخطط الترفيف | Dewey Decimal Classification |
| حالة التراجع | حالة الفقد | مصدر التصنيف او خطة الترفيف | حالة تلف | ليس للاعارة | المكان الدائم | المكان الحالي | موقع الترفيف | تاريخ الاكتساب | Source of acquisition | رقم الاستدعاء | الباركود | Date last seen | تبصرة غير عامة( المفوع للعناصر المفقوده) | نوع الوعاء |
|---|---|---|---|---|---|---|---|---|---|---|---|---|---|---|
| Dewey Decimal Classification | Central Library | Central Library | First floor | 25/11/2015 | Donation | 320.94754 أ و ر | 000031393 | 15/07/2025 | Donation from Shahla - Azarbaijan. | Book - Borrowing |